| 000 | 01131nam a2200301 a 4500 | ||
|---|---|---|---|
| 001 | 000043537 | ||
| 003 | DO-SdBNP | ||
| 005 | 20210608090744.0 | ||
| 008 | 140324s2009 dr r 000 j spa d | ||
| 020 | _a9789945412345 | ||
| 040 |
_aBPMSU _bspa _cBPMSU |
||
| 082 |
_aRD861.08 _bP925p, 2008 _222 |
||
| 111 | 2 |
_aPremios Funglode Poesía _d(2008 : _cSanto Domingo) |
|
| 245 | 1 | 0 | _aPremio de Poesía Pedro Mir. |
| 260 |
_aSanto Domingo : _bFUNGLODE, _c2009 |
||
| 300 |
_a351 p. ; _c26 cm. |
||
| 490 | 0 | _aPremios Funglode/GFDD 2008 | |
| 505 | 0 |
_aPremio único : Bismar Galán -- Premera mención César Sánchez Beras -- Segunda mención Daniel Baruc Espinal Rivera -- tercera mención Daniela Cruz -- Cuarta mención Danilo A. Rodríguez -- Quinta mención Alejandro González. _r |
|
| 590 | _aInventariado, 2021/VM | ||
| 650 | 4 | _aPoesía dominicana | |
| 650 | 0 | _aLiteratura dominicana. | |
| 650 | 4 | _aPremios literarios | |
| 650 | 4 | _aCertámenes literarios | |
| 700 | 1 | 2 | _aTejada, Eloy Alberto |
| 710 | 2 | _aFundación Global Democracía y Desarrollo (República Dominicana) | |
| 910 | _aVMateo | ||
| 942 |
_2ddc _cBK |
||
| 999 |
_c13563 _d13563 |
||